Pocket atlas of echocardiography (رقم التسجيلة. 21993)

تفاصيل مارك
000 -الفاتح
حقل البيانات ثابتة الطول 01983cam a2200421Ia 4500
001 - رقم الضبط
رقم الضبط ocm70117683
003 - محدد رقم الضبط
رقم الضبط OCoLC
005 - وقت وتاريخ اخر تعامل مع التسجيلة
رقم الضبط 20150408114020.0
006 - عناصر البيانات ثابتة الطول - خصائص المادة الاضافية-معلومات عامة
حقل البيانات ثابتة الطول m d
007 - الحقل الثابت للوصف المادى- معلومات عامة
حقل البيانات ثابتة الطول cr cn|||||||||
008 - عناصر البيانات ثابتة الطول - معلومات عامة
حقل البيانات ثابتة الطول 060615s2006 gw a s 000 0 eng
020 ## - الرقم الدولى المعيارى للكتب
الرقم الدولى المعيارى للكتاب 3131412410
020 ## - الرقم الدولى المعيارى للكتب
الرقم الدولى المعيارى للكتاب 9783131412416
020 ## - الرقم الدولى المعيارى للكتب
الرقم الدولى المعيارى للكتاب 1588904334
020 ## - الرقم الدولى المعيارى للكتب
الرقم الدولى المعيارى للكتاب 9781588904331
035 ## - رقم ضبط النظام
رقم ضبط النظام (OCoLC)70117683
040 ## - مصدر الفهرسة
وكالة الفهرسة الأصلية UCH
وكالة النسخ UCH
وكالة التعديل NLGGC
050 10 - رقم طلب مكتبة الكونجرس
رقم التصنيف RC683.5.U5
رقم المادة B6413 2006
060 10 - رقم الطلب بالمكتبة الطبية الوطنية
رقم التصنيف WG 17
رقم المادة B617e 2006a
082 ## - رقم تصنيف ديوى العشرى
رقم الطبعة 21
رقم التصنيف 616.12
100 1# - المدخل الرئيسى - إسم شخصى
الإسم الشخصى Boehmeke, Thomas.
9 (RLIN) 11637
240 10 - العنوان الموحد
عنوان موحد <a href="Echo-Guide.">Echo-Guide.</a>
لغة العمل English
245 10 - بيان العنوان
العنوان Pocket atlas of echocardiography
بيان المسئوليه,etc Thomas Boehmeke, Ralf Doliva.
260 0# - PUBLICATION, DISTRIBUTION, ETC. (IMPRINT)
مكان الناشر او الموزع Stuttgart ;
-- New York :
اسم الناشر او الموزع Thieme,
تاريخ النشر أو التوزيع c2006.
300 ## - الوصف المادى
التعداد 225 p. :
تفاصيل ماديه اخرى للوعاء ill. (chiefly col.) ;
أبعاد الوعاء 19 cm.
500 ## - تبصرة عامة
تبصرة عامة Title from title screen (viewed June 15, 2006).
504 ## - تبصرة ببليوجرافية
تبصرة ببليوجرافية,الخ Includes bibliographical references and index.
505 0# - تبصرة محتويات-الفهرس
تبصرة المحتويات المصاغة Examination -- Imaging and patient position -- Parasternal long-axis view -- Parasternal short-axis view -- Apical windows -- Suprasternal window -- Subcostal window -- M-mode and Doppler echocardiography -- M-mode echocardiography -- Doppler echocardiography -- Cardiac abnormalities -- Valvular heart disease -- Coronary heart disease -- Cardiomyopathies -- Prosthetic valves -- Carditis -- Septal defects -- Hypertensive heart diseases -- Intracardiac masses.
530 ## - تبصرة أشكال مادية أخرى متاحة
اشكال ماديه اخرى متاحة للعنصر Also published in print.
538 ## - تبصرة تفاصيل النظام
تبصرة التفاصيل الفنية لملف الحاسب Mode of access: World Wide Web.
546 ## - تبصرة اللغة
تبصرة اللغة Translation from German edition of: Der Echo-Guide: die kompakte Einführung in die Echokardiographie. Stuttgart : Thieme, 2004.
650 #0 - المدخل الاضافى بالموضوع-مصطلح موضوعى
مصطلح موضوعي أو اسم جغرافي كعنصر مدخل Echocardiography
التقسيم الفرعي الشكلي Atlases.
9 (RLIN) 11638
650 12 - المدخل الاضافى بالموضوع-مصطلح موضوعى
مصطلح موضوعي أو اسم جغرافي كعنصر مدخل Echocardiography
التقسيم الفرعي العام methods
التقسيم الفرعي الشكلي Atlases.
9 (RLIN) 11639
650 22 - المدخل الاضافى بالموضوع-مصطلح موضوعى
مصطلح موضوعي أو اسم جغرافي كعنصر مدخل Heart Diseases
التقسيم الفرعي العام ultrasonography
التقسيم الفرعي الشكلي Atlases.
9 (RLIN) 11640
700 1# - المدخل الاضافى - اسم شخصى
الإسم الشخصى Doliva, Ralf.
9 (RLIN) 11641
856 40 - الوصول و الموقع الالكترونى
معرف المصدر الموحد <a href="http://www.thieme.com/SID2300665330846/ebooklibrary/flexibook/pubid1098961698/index.html">http://www.thieme.com/SID2300665330846/ebooklibrary/flexibook/pubid1098961698/index.html</a>
تبصرة عامة online text
942 ## - عناصر المدخل الإضافي( كوها)
مصدر التصنيف او مخطط الترفيف Dewey Decimal Classification
Koha [default] item type كتاب
المقتنيات
حالة الفقد نموذج السعر الفعال حالة تلف ليس للاعارة رقم الطلب تاريخ الاكتساب الموقع الحالي الباركود الفرع الرئيسي Date last seen نوع المادة فى نظام كوها مصدر التصنيف او خطة الترفيف Total Checkouts
  2013-03-10     616.12 B T P 2012-04-23 المكتبة المركزية بالمجمعة (CL) 00085231 المكتبة المركزية بالمجمعة (CL) 2013-03-10 كتاب Dewey Decimal Classification  
  2013-03-10     616.12 B T P 2012-04-23 المكتبة المركزية بالمجمعة (CL) 00085230 المكتبة المركزية بالمجمعة (CL) 2013-03-10 كتاب Dewey Decimal Classification  
  2013-03-10     616.12 B T P 2012-04-19 مكتبة كلية العلوم الطبية التطبيقية بالمجمعة - طالبات (AMF) 00076509 مكتبة كلية العلوم الطبية التطبيقية بالمجمعة - طالبات (AMF) 2013-03-10 كتاب Dewey Decimal Classification  
  2013-03-10     616.12 B T P 2012-04-19 مكتبة كلية العلوم الطبية التطبيقية بالمجمعة - طالبات (AMF) 00076510 مكتبة كلية العلوم الطبية التطبيقية بالمجمعة - طالبات (AMF) 2013-03-10 كتاب Dewey Decimal Classification